| 000 | 01915nam a2200493Ii 4500 | ||
|---|---|---|---|
| 001 | DIGOLEJNK1089 | ||
| 003 | NyNyDIG | ||
| 006 | m o d | ||
| 007 | cr ||||||||||| | ||
| 008 | 221021s2018 cl ob 000 0 spa d | ||
| 035 | _a(OCoLC)1350508009 | ||
| 040 |
_aDGITA _beng _erda _epn _cDGITA |
||
| 041 | 1 |
_aspa _hita |
|
| 020 | _z9789563920697 | ||
| 043 | _ae-it--- | ||
| 050 | 1 | 4 | _aK235 ebook |
| 100 | 1 |
_aTaruffo, Michele, _eauthor. |
|
| 240 | 1 | 0 |
_aSui confini. _lSpanish |
| 245 | 1 | 0 |
_aSobre las fronteras : _bescritos sobre la justicia civil / _cMichele Taruffo. |
| 246 | 3 | 0 | _aEscritos sobre la justicia civil |
| 264 | 1 |
_aSantiago, Chile : _bEdiciones Olejnik ; _aBogotá : _bEditorial Temis, Obras Jurídicas, _c[2018] |
|
| 300 | _a1 online resource. | ||
| 336 |
_atext _btxt _2rdacontent |
||
| 337 |
_acomputer _bc _2rdamedia |
||
| 338 |
_aonline resource _bcr _2rdacarrier |
||
| 347 |
_atext file _2rdaft |
||
| 347 | _bPDF | ||
| 490 | 1 | _aBiblioteca de derecho procesal | |
| 504 | _aIncludes bibliographical references. | ||
| 588 | 0 | _aOnline resource; title from PDF title page (Digitalia, viewed October 21, 2022) | |
| 650 | 0 |
_aLaw _xPhilosophy. |
|
| 650 | 0 | _aJustice, Administration of. | |
| 650 | 0 | _aRule of law. | |
| 650 | 0 |
_aJustice, Administration of _zItaly. |
|
| 655 | 0 | _aElectronic books. | |
| 700 | 1 |
_iTranslation of: _aTaruffo, Michele. _tSui confini. |
|
| 791 | 2 |
_aDigitalia (Firm), _edistributor. |
|
| 793 | 0 |
_gDigitalia eBook Collection: _aEdiciones Olejnik |
|
| 776 | 0 | 8 |
_iPrint version: _aTaruffo, Michele. _sSui confini. Spanish. _tSobre las fronteras. _dSantiago, Chile : Ediciones Olejnik ; Bogotá : Editorial Temis, Obras Jurídicas, 2018 _z9789563920697 |
| 830 | 0 | _aBiblioteca de derecho procesal (Ediciones Olejnik) | |
| 856 | 4 | 0 |
_3Digitalia Hispánica _uhttps://www.digitaliapublishing.com/a/105218/ |
| 910 | _aPremium collection: 2022 | ||
| 942 | _cRAA | ||
| 999 |
_c271160 _d271160 |
||